MARC details
| 000 -LEADER |
| fixed length control field |
05215cam a2200421 a 4500 |
| 001 - CONTROL NUMBER |
| control field |
14847299 |
| 003 - CONTROL NUMBER IDENTIFIER |
| control field |
OSt |
| 005 - DATE AND TIME OF LATEST TRANSACTION |
| control field |
20260505052219.0 |
| 008 - FIXED-LENGTH DATA ELEMENTS--GENERAL INFORMATION |
| fixed length control field |
070511s2008 nyua b 001 0 eng |
| 010 ## - LIBRARY OF CONGRESS CONTROL NUMBER |
| LC control number |
2007019507 |
| 020 ## - INTERNATIONAL STANDARD BOOK NUMBER |
| International Standard Book Number |
9780415954290 |
| Qualifying information |
pbk. : acid-free paper |
| 020 ## - INTERNATIONAL STANDARD BOOK NUMBER |
| International Standard Book Number |
0415954297 |
| Qualifying information |
pbk. : acid-free paper |
| 020 ## - INTERNATIONAL STANDARD BOOK NUMBER |
| International Standard Book Number |
9780415954280 |
| Qualifying information |
cloth : acid-free paper |
| 020 ## - INTERNATIONAL STANDARD BOOK NUMBER |
| International Standard Book Number |
0415954282 |
| Qualifying information |
cloth : acid-free paper |
| 035 ## - SYSTEM CONTROL NUMBER |
| System control number |
14847299 |
| 035 ## - SYSTEM CONTROL NUMBER |
| System control number |
(OCoLC)131064868 |
| 040 ## - CATALOGING SOURCE |
| Original cataloging agency |
DLC |
| Transcribing agency |
IRDP |
| Modifying agency |
BAKER |
| -- |
BTCTA |
| -- |
C#P |
| -- |
YDXCP |
| -- |
BWX |
| -- |
MUQ |
| -- |
GZT |
| -- |
DLC |
| 043 ## - GEOGRAPHIC AREA CODE |
| Geographic area code |
n-us--- |
| 050 00 - LIBRARY OF CONGRESS CALL NUMBER |
| Classification number |
HN90.C6 |
| Item number |
C6619 2008 |
| 082 00 - DEWEY DECIMAL CLASSIFICATION NUMBER |
| Classification number |
307.14 COM |
| Edition number |
22 |
| 100 ## - MAIN ENTRY--PERSONAL NAME |
| Personal name |
EDITED BY DEFILIPPIS JAMES AND SAEGERT SUSAN |
| 245 04 - TITLE STATEMENT |
| Title |
THE COMMUNITY DEVELOPMENT READER |
| Statement of responsibility, etc. |
EDITED BY JAMES DEFILIPPIS AND SUSAN SAEGERT |
| 260 ## - PUBLICATION, DISTRIBUTION, ETC. (IMPRINT) |
| Place of publication, distribution, etc. |
NEW YORK |
| Name of publisher, distributor, etc. |
ROUTLEDGE |
| Date of publication, distribution, etc. |
2008. |
| 300 ## - PHYSICAL DESCRIPTION |
| Extent |
viii, 347 p. : |
| Other physical details |
ill. ; |
| Dimensions |
26 cm. |
| 336 ## - CONTENT TYPE |
| Content type term |
text |
| Content type code |
txt |
| Source |
rdacontent |
| 337 ## - MEDIA TYPE |
| Media type term |
unmediated |
| Media type code |
n |
| Source |
rdamedia |
| 338 ## - CARRIER TYPE |
| Carrier type term |
volume |
| Carrier type code |
nc |
| Source |
rdacarrier |
| 504 ## - BIBLIOGRAPHY, ETC. NOTE |
| Bibliography, etc |
Includes bibliographical references and index. |
| 505 0# - FORMATTED CONTENTS NOTE |
| Formatted contents note |
Communities develop: the question is how / James DeFilippis and Susan Saegert -- pt 1. History and future of community development . Swimming against the tide: a brief history of Federal policy in poor communities / Alice O'Connor -- Collective ownership and community control and development: the long view / James DeFilippis -- The new (and old) politics of urban problem solving / Xavier de Souza Briggs -- pt 2. Community development institutions and practice. -- More than bricks and sticks: five components of community development corporation capacity / Norman Glickman and Lisa Servon -- Learning from adversity: The CDC school of hard knocks / by William Rohe, Rachel Bratt, and Protip Biswas -- Social ownership of housing / by Michael Stone -- Community development financial institutions / by Benjamin Lehn, Julia Sass Rubin, and Sean Zielenbach -- No progress without protest / by Gregory Squires -- Economic development of neighborhoods and localities / by Wim Wiewel, Michael Teitz, and Robert Giloth -- Communities of place, face and space: provision of services to poor, urban children and their families / Tama Levanthal, Jeanne Brooks-Gunn, and Sheila Kamerman -- Community based organizations and migration in New York City / by Hector Cordero-Guzm n and Victoria Quiroz-Becerra -- Social capital, religious institutions and poor communities / by Michael Foley, John McCarthy and Mark Chaves -- Collaborating to reduce poverty / Michael Rich, Michael Giles and Emily Stern -- Toward greater effectiveness in community change: challenges and responses for philanthropy / by Prudence Brown, Robert Chaskin, Ralph Hamilton, and Harold Richman -- Rural community development: a focus on rural communities in urban societies / Timothy Collins and Christopher Merrett -- pt. 3. Understanding, building, and organizing community. what community supplies / Robert Sampson -- The myth of a purified community / Richard Sennett --Community organizing for power and democracy: lessons learned from a life in the trenches / Harold DeRienzo -- Neighborhood organizing: The importance of historical context / Robert Fisher -- A theology of organizing: from Alinsky to the modern IAF / Mark Warren -- Community organizing: an ecological route to empowerment and power / Paul Speer, and Joe Hughey -- Community building : limitations and promise / William Traynor -- Exploring social capital and civic engagement to create a framework for community building / James Hyman -- Doing democracy up-close: culture, power and communication in community planning / Xavier de Souza Briggs -- Community organizing or organizing community? gender and the crafts of empowerment / Susan Stall and Randy Stoecker -- How do communities matter for community organizing? / David Greenberg -- pt. 4. Theoretical conceptions and debates. -- Domestic property interests as a seedbed for community action / John E. Davis -- Has homeownership been oversold? / Winton Pitcoff -- The five faces of oppression / Iris Marion Young -- Expanding comprehensiveness: structural racism and community building in the United States / Keith Lawrence -- Defining feminist community / Judith Garber -- The CDC model of urban development: a critique and an alternative / Randy Stoecker -- The construction of the local and the limits of contemporary community-building in the United states / James Fraser, Jonathan Lepofsky, Edward Kick and J. Patrick Williams -- Strengthening the connections between communities and external resources / Anne C. Kubisch, Patricia Auspos, Prudence Brown, Robert Chaskin, Karen Fulbright-Anderson, and Ralph Hamilton -- Concluding thoughts / James DeFilippis and Susan Saegert. |
| 650 #0 - SUBJECT ADDED ENTRY--TOPICAL TERM |
| Topical term or geographic name as entry element |
Community development |
| Geographic subdivision |
United States. |
| 650 #0 - SUBJECT ADDED ENTRY--TOPICAL TERM |
| Topical term or geographic name as entry element |
Community development |
| Geographic subdivision |
United States |
| General subdivision |
Planning. |
| 700 1# - ADDED ENTRY--PERSONAL NAME |
| Personal name |
DeFilippis, James. |
| 700 1# - ADDED ENTRY--PERSONAL NAME |
| Personal name |
Saegert, Susan. |
| 906 ## - LOCAL DATA ELEMENT F, LDF (RLIN) |
| a |
7 |
| b |
cbc |
| c |
orignew |
| d |
1 |
| e |
ecip |
| f |
20 |
| g |
y-gencatlg |
| 942 ## - ADDED ENTRY ELEMENTS (KOHA) |
| Source of classification or shelving scheme |
Dewey Decimal Classification |
| Koha item type |
BOOKS |